[Event "4NCL Division 2a"]
[Site "Birmingham Airport ENG"]
[Date "2015.03.28"]
[Round "7.211"]
[White "Martin, Lewis"]
[Black "Gordon, Stephen J"]
[Result "0-1"]
[WhiteElo "2098"]
[BlackElo "2493"]
[PlyCount "46"]
[EventDate "2015.03.28"]
[WhiteTeam "Brown Jack Witney"]
[BlackTeam "3Cs"]

1. e4 c5 2. Nf3 e6 3. d4 cxd4 4. Nxd4 Nc6 5. Nc3 Qc7 6. g3 a6 7. Bg2 d6 8. O-O
Bd7 9. Be3 Be7 10. a4 Ne5 11. f4 Nc4 12. Bc1 Bf6 13. Kh1 Ne7 14. b3 Ne3 15.
Bxe3 Qxc3 16. e5 dxe5 17. fxe5 Bxe5 18. Qf3 O-O 19. Qxb7 Qxe3 20. Qxd7 Bxd4 21.
Rae1 Ra7 22. Bb7 Qg5 23. Rxe6 Rxb7 0-1

[Event "4NCL Division 2a"]
[Site "Birmingham Airport ENG"]
[Date "2015.03.28"]
[Round "7.212"]
[White "Ashton, Adam G"]
[Black "Girdlestone, Paul"]
[Result "1/2-1/2"]
[WhiteElo "2388"]
[BlackElo "2131"]
[PlyCount "84"]
[EventDate "2015.03.28"]
[WhiteTeam "3Cs"]
[BlackTeam "Brown Jack Witney"]

1. c4 e5 2. g3 Nc6 3. Nc3 g6 4. Bg2 Bg7 5. d3 Nge7 6. e4 d6 7. Nge2 Bd7 8. Nd5
Nxd5 9. cxd5 Ne7 10. O-O c6 11. dxc6 Bxc6 12. d4 O-O 13. Be3 d5 14. dxe5 dxe4
15. Bc5 Re8 16. Nc3 Nf5 17. Qxd8 Raxd8 18. Bxa7 Bxe5 19. Rfd1 Bd4 20. Bxd4 Nxd4
21. a4 f5 22. b4 Nc2 23. Rxd8 Rxd8 24. Rb1 Rd3 25. b5 Rxc3 26. bxc6 bxc6 27.
Rc1 Nd4 28. Rxc3 Ne2+ 29. Kf1 Nxc3 30. a5 Nb5 31. f3 exf3 32. Bxf3 Na7 33. Ke2
Kf7 34. Kd3 Ke6 35. Kc4 Kd6 36. h4 h6 37. Bg2 Nb5 38. a6 g5 39. hxg5 hxg5 40.
Bh3 f4 41. gxf4 gxf4 42. Bg2 Na7 1/2-1/2

[Event "4NCL Division 2a"]
[Site "Birmingham Airport ENG"]
[Date "2015.03.28"]
[Round "7.213"]
[White "Headlong, Tim"]
[Black "Horton, Andrew P"]
[Result "1/2-1/2"]
[WhiteElo "2158"]
[BlackElo "2269"]
[PlyCount "43"]
[EventDate "2015.03.28"]
[WhiteTeam "Brown Jack Witney"]
[BlackTeam "3Cs"]

1. Nf3 c5 2. c4 g6 3. d4 cxd4 4. Nxd4 Nc6 5. e4 Nf6 6. Nc3 d6 7. Be2 Nxd4 8.
Qxd4 Bg7 9. Be3 O-O 10. Qd2 Be6 11. f3 Qa5 12. Rc1 Rfc8 13. b3 Nd7 14. Nd5
Qxd2+ 15. Kxd2 Bxd5 16. cxd5 a6 17. Rxc8+ Rxc8 18. Rc1 Rxc1 19. Kxc1 Kf8 20.
Kc2 Ke8 21. a4 Kd8 22. a5 1/2-1/2

[Event "4NCL Division 2a"]
[Site "Birmingham Airport ENG"]
[Date "2015.03.28"]
[Round "7.214"]
[White "Abbas, Daniel"]
[Black "Whatley, Stephen"]
[Result "1-0"]
[WhiteElo "2228"]
[BlackElo "2065"]
[PlyCount "71"]
[EventDate "2015.03.28"]
[WhiteTeam "3Cs"]
[BlackTeam "Brown Jack Witney"]

1. e4 c5 2. Nf3 Nc6 3. Bb5 e6 4. Bxc6 bxc6 5. d3 Ne7 6. Bd2 Ng6 7. h4 Qc7 8. h5
Ne5 9. Bc3 Nxf3+ 10. Qxf3 e5 11. Nd2 d6 12. Qg3 Be6 13. f4 f6 14. Nf3 Qd7 15.
a3 Bg4 16. Nd2 exf4 17. Qxf4 d5 18. h6 d4 19. hxg7 Bxg7 20. Ba5 h5 21. Nc4 O-O
22. O-O Be6 23. Nd6 Kh7 24. Nf5 Rab8 25. b3 Rb7 26. Qh4 Rh8 27. Rf3 Bxf5 28.
Rxf5 Qd6 29. Raf1 Rbb8 30. Bd2 Rbf8 31. Rxh5+ Kg6 32. Qg4+ Kf7 33. e5 Qd5 34.
exf6 Bxf6 35. Rxd5 cxd5 36. Bg5 1-0

[Event "4NCL Division 2a"]
[Site "Birmingham Airport ENG"]
[Date "2015.03.28"]
[Round "7.215"]
[White "Padilla Cabero, Pablo"]
[Black "Bentley, John L"]
[Result "1-0"]
[WhiteElo "2143"]
[BlackElo "2205"]
[PlyCount "81"]
[EventDate "2015.03.28"]
[WhiteTeam "Brown Jack Witney"]
[BlackTeam "3Cs"]

1. e4 c5 2. Nc3 Nc6 3. g3 g6 4. Bg2 Bg7 5. d3 d6 6. Be3 e5 7. h4 Be6 8. h5 Qd7
9. Bh3 Nge7 10. Nd5 O-O 11. hxg6 Bxh3 12. gxf7+ Rxf7 13. Nxe7+ Nxe7 14. Nxh3
Bf6 15. Qh5 Qa4 16. Qg4+ Ng6 17. b3 Qb4+ 18. Ke2 Re8 19. Bd2 Qb5 20. Rag1 d5
21. c4 dxc4 22. bxc4 Qa6 23. f4 Rg7 24. Qh5 Rd8 25. f5 Nf8 26. g4 Rxd3 27. Nf2
Rxd2+ 28. Kxd2 Bg5+ 29. Ke1 Qxc4 30. Rg3 Qc1+ 31. Ke2 Qd2+ 32. Kf1 c4 33. Kg2
Be3 34. Rf3 c3 35. f6 Rf7 36. Rb1 Ng6 37. Rd1 Qe2 38. Rd8+ Nf8 39. Qxe5 h6 40.
Qe6 Bc5 41. Qf5 1-0

[Event "4NCL Division 2a"]
[Site "Birmingham Airport ENG"]
[Date "2015.03.28"]
[Round "7.216"]
[White "Walton, Alan J"]
[Black "Richmond, Peter"]
[Result "1/2-1/2"]
[WhiteElo "2198"]
[BlackElo "2129"]
[PlyCount "72"]
[EventDate "2015.03.28"]
[WhiteTeam "3Cs"]
[BlackTeam "Brown Jack Witney"]

1. d4 d5 2. c4 c6 3. Nf3 e6 4. Nc3 dxc4 5. a4 Bb4 6. Bd2 b5 7. e3 Bb7 8. axb5
Bxc3 9. Bxc3 cxb5 10. b3 a5 11. bxc4 b4 12. Bb2 Nf6 13. Nd2 Nbd7 14. c5 Bc6 15.
Be2 a4 16. Bf3 Bxf3 17. Qxf3 O-O 18. O-O a3 19. Bc1 Qa5 20. e4 Qa4 21. Re1 Qc2
22. Nb3 e5 23. h3 Rfe8 24. Bg5 a2 25. Rac1 Qb2 26. c6 Nf8 27. Re2 Qa3 28. Ra1
exd4 29. Nxd4 Nxe4 30. Qxa3 Rxa3 31. f3 Nd6 32. Raxa2 Rxa2 33. Rxa2 Ne6 34.
Nxe6 fxe6 35. Rb2 Rc8 36. Rxb4 Rxc6 1/2-1/2

[Event "4NCL Division 2a"]
[Site "Birmingham Airport ENG"]
[Date "2015.03.28"]
[Round "7.217"]
[White "Duncan, Patrick"]
[Black "Horton, Jamie A"]
[Result "1/2-1/2"]
[WhiteElo "2013"]
[BlackElo "2045"]
[PlyCount "125"]
[EventDate "2015.03.28"]
[WhiteTeam "Brown Jack Witney"]
[BlackTeam "3Cs"]

1. b3 e5 2. Bb2 Nc6 3. e3 Nf6 4. Nf3 e4 5. Nd4 Nxd4 6. Bxd4 Be7 7. c4 c6 8. Nc3
d5 9. cxd5 cxd5 10. Be2 O-O 11. O-O Be6 12. Qc1 a6 13. d3 Rc8 14. Qb2 b5 15.
dxe4 dxe4 16. a4 b4 17. Nb1 a5 18. Nd2 Bd5 19. Rfd1 Qc7 20. Rac1 Qb8 21. h3
Rxc1 22. Rxc1 Rc8 23. Nc4 Bxc4 24. Bxc4 Ne8 25. Ba6 Rxc1+ 26. Qxc1 Bf6 27. Bxf6
Nxf6 28. Qc5 Qd8 29. Bc4 Ne8 30. Qe5 Nd6 31. Bd5 g6 32. Kh2 h5 33. Bxe4 Nxe4
34. Qxe4 Qc7+ 35. g3 Qd8 36. h4 Qc7 37. Qd5 Kg7 38. Kg2 Kf8 39. Qa8+ Kg7 40.
Qd5 Kg8 41. e4 Kg7 42. e5 Qb6 43. Kf3 Qc7 44. e6 fxe6 45. Qxe6 Qc5 46. Qe3 Qf5+
47. Kg2 Qd5+ 48. f3 Qf5 49. Qe4 Qc5 50. g4 hxg4 51. fxg4 Qd6 52. Qb7+ Kh6 53.
Qf3 Qd2+ 54. Kg3 Kg7 55. h5 gxh5 56. gxh5 Qd6+ 57. Kg4 Qd4+ 58. Kh3 Qc3 59. Kg4
Qd4+ 60. Kg5 Qe5+ 61. Kh4 Qe7+ 62. Kh3 Kh6 63. Kg2 1/2-1/2

[Event "4NCL Division 2a"]
[Site "Birmingham Airport ENG"]
[Date "2015.03.28"]
[Round "7.218"]
[White "Manton, Jacob"]
[Black "Bourne, Johnathan"]
[Result "1/2-1/2"]
[WhiteElo "1862"]
[BlackElo "1983"]
[PlyCount "65"]
[EventDate "2015.03.28"]
[WhiteTeam "3Cs"]
[BlackTeam "Brown Jack Witney"]

1. d4 Nf6 2. c4 g6 3. Nc3 Bg7 4. e4 d6 5. f3 O-O 6. Be3 c5 7. Nge2 Nc6 8. d5
Ne5 9. Ng3 e6 10. Be2 exd5 11. cxd5 a6 12. a4 h5 13. O-O h4 14. Nh1 Nh7 15. Nf2
f5 16. f4 Nf7 17. Qd2 Re8 18. Bd3 Rb8 19. Rab1 Qc7 20. b3 Bd7 21. Rfe1 b5 22.
axb5 axb5 23. b4 c4 24. Bc2 Qd8 25. Bd4 Bxd4 26. Qxd4 Qf6 27. Qxf6 Nxf6 28.
exf5 gxf5 29. g3 hxg3 30. hxg3 Rxe1+ 31. Rxe1 Ra8 32. Kg2 Nh6 33. Nfd1 1/2-1/2

[Event "4NCL Division 2a"]
[Site "Birmingham Airport ENG"]
[Date "2015.03.28"]
[Round "7.221"]
[White "Lim, Zhuo Ren"]
[Black "Hill, Alistair"]
[Result "1-0"]
[WhiteElo "2240"]
[BlackElo "2126"]
[PlyCount "85"]
[EventDate "2015.03.28"]
[WhiteTeam "Sussex Martlets 1"]
[BlackTeam "Cambridge University 2"]

1. Nf3 c5 2. g3 g6 3. Bg2 Bg7 4. c4 Nf6 5. O-O O-O 6. d4 d6 7. Nc3 Nc6 8. d5
Na5 9. Nd2 a6 10. Qc2 Rb8 11. b3 b5 12. Rb1 e5 13. e4 Nh5 14. Bf3 f5 15. Be2 b4
16. Nd1 f4 17. Bxh5 gxh5 18. f3 Bh6 19. Qd3 Qg5 20. Kf2 Rb7 21. Rg1 Rg7 22. Nf1
Qf6 23. Ke2 Bh3 24. Nf2 Bxf1+ 25. Kxf1 fxg3 26. Bxh6 g2+ 27. Rxg2 Qxh6 28.
Rxg7+ Kxg7 29. Ke2 Rf6 30. Qe3 Nb7 31. Qxh6+ Kxh6 32. Rg1 Rg6 33. Rg3 Nd8 34.
Nd3 h4 35. Rxg6+ hxg6 36. f4 exf4 37. e5 dxe5 38. Nxc5 g5 39. Ne4 Nb7 40. c5
Nxc5 41. Nxc5 Kg6 42. Kf3 Kf5 43. h3 1-0

[Event "4NCL Division 2a"]
[Site "Birmingham Airport ENG"]
[Date "2015.03.28"]
[Round "7.222"]
[White "Robertson, Stuart"]
[Black "Bucher, Grant W"]
[Result "1/2-1/2"]
[WhiteElo "2094"]
[BlackElo "2087"]
[PlyCount "140"]
[EventDate "2015.03.28"]
[WhiteTeam "Cambridge University 2"]
[BlackTeam "Sussex Martlets 1"]

1. d4 Nf6 2. c4 g6 3. Nc3 d5 4. cxd5 Nxd5 5. e4 Nxc3 6. bxc3 Bg7 7. Bc4 c5 8.
Ne2 Nc6 9. Be3 O-O 10. O-O Bg4 11. f3 Bd7 12. Rb1 Rc8 13. Bd3 Qc7 14. d5 Ne5
15. c4 Qa5 16. Rxb7 Ba4 17. Qb1 Qa6 18. Nc1 Nxd3 19. Nxd3 Bc2 20. Nxc5 Qa3 21.
Qc1 Qc3 22. Rf2 Bd4 23. Bxd4 Qxd4 24. Qxc2 Rxc5 25. Qd2 Qxc4 26. Rxa7 Rb5 27.
Qc2 Qd4 28. Ra4 Qb6 29. h3 Rb8 30. Rc4 Rb1+ 31. Kh2 Kg7 32. Rc6 Qd8 33. Qc3+
Kh6 34. Qe3+ Kg7 35. Qd4+ Kg8 36. Rfc2 R1b6 37. Rxb6 Rxb6 38. Qc5 Kg7 39. Qc7
Qb8 40. a4 Qb7 41. Qxb7 Rxb7 42. a5 Ra7 43. Ra2 Kf6 44. f4 g5 45. g3 Ra6 46.
Kg2 Kg6 47. Kf3 e6 48. d6 Rxd6 49. a6 Rd8 50. a7 Ra8 51. fxg5 Kxg5 52. Ke3 e5
53. Kd3 f5 54. Kc4 fxe4 55. Kb5 e3 56. Kb6 Kf5 57. Kb7 Rg8 58. a8=Q Rxa8 59.
Kxa8 Ke4 60. Kb7 Kf3 61. Kc6 e2 62. Ra1 Kxg3 63. Kd5 Kf2 64. Kxe5 e1=Q+ 65.
Rxe1 Kxe1 66. h4 Ke2 67. h5 Kd3 68. h6 Kc4 69. Kf6 Kd5 70. Kg7 Ke6 1/2-1/2

[Event "4NCL Division 2a"]
[Site "Birmingham Airport ENG"]
[Date "2015.03.28"]
[Round "7.223"]
[White "Hoare, Amy B"]
[Black "Beckett, Chris J"]
[Result "1/2-1/2"]
[WhiteElo "2071"]
[BlackElo "2169"]
[PlyCount "97"]
[EventDate "2015.03.28"]
[WhiteTeam "Sussex Martlets 1"]
[BlackTeam "Cambridge University 2"]

1. e4 d6 2. d4 Nf6 3. Nc3 e5 4. dxe5 dxe5 5. Qxd8+ Kxd8 6. Bc4 Ke8 7. Nf3 Bd6
8. Bd2 Nbd7 9. O-O c6 10. a4 a5 11. Rfe1 Nb6 12. Bb3 Be6 13. Bxe6 fxe6 14. b3
Nbd7 15. Nd1 Nc5 16. Bc3 Nfd7 17. Nb2 Nf6 18. Nc4 Bc7 19. Bxe5 Bxe5 20. Nfxe5
Nfxe4 21. Rad1 Ke7 22. Nd3 Rhf8 23. f3 Nxd3 24. Rxe4 Nc5 25. Re5 Rf5 26. Rde1
Kf6 27. Rxf5+ exf5 28. Re5 b6 29. f4 Ne4 30. Nxb6 Rd8 31. h4 Rd2 32. Rxa5 Rxc2
33. Re5 Kg6 34. Nc4 Rc1+ 35. Kh2 Nf2 36. Kg3 Ne4+ 37. Kh2 Nf2 38. Re2 Ng4+ 39.
Kh3 Rc3+ 40. g3 Rxb3 41. Ne5+ Nxe5 42. Rxe5 Ra3 43. a5 Kf6 44. Rc5 Ke7 45. Rxc6
Rxa5 46. Rc7+ Kf6 47. Rc6+ Ke7 48. Rc7+ Kf6 49. Rc6+ 1/2-1/2

[Event "4NCL Division 2a"]
[Site "Birmingham Airport ENG"]
[Date "2015.03.28"]
[Round "7.224"]
[White "Gordon-Brown, Alexander J"]
[Black "Howell, Chris I"]
[Result "0-1"]
[WhiteElo "2085"]
[BlackElo "2039"]
[PlyCount "60"]
[EventDate "2015.03.28"]
[WhiteTeam "Cambridge University 2"]
[BlackTeam "Sussex Martlets 1"]

1. d4 Nf6 2. c4 g6 3. Nc3 Bg7 4. e4 d6 5. f4 O-O 6. Nf3 c5 7. d5 e6 8. Be2 exd5
9. exd5 Re8 10. O-O Bf5 11. Bd3 Bxd3 12. Qxd3 Na6 13. a3 Nc7 14. f5 a6 15. Bg5
b5 16. Nh4 Re5 17. Rad1 h6 18. Bf4 bxc4 19. Qh3 g5 20. Bxe5 dxe5 21. Qe3 gxh4
22. Qxc5 Nb5 23. Qxc4 Qb6+ 24. Kh1 Nd4 25. b4 Ng4 26. Rd3 e4 27. Nxe4 Re8 28.
Qc5 Qb8 29. Nd6 Nf2+ 30. Kg1 Nxd3 0-1

[Event "4NCL Division 2a"]
[Site "Birmingham Airport ENG"]
[Date "2015.03.28"]
[Round "7.225"]
[White "Payne, Matthew J"]
[Black "Somerfield, Adrian P"]
[Result "1/2-1/2"]
[WhiteElo "2000"]
[BlackElo "2080"]
[PlyCount "42"]
[EventDate "2015.03.28"]
[WhiteTeam "Sussex Martlets 1"]
[BlackTeam "Cambridge University 2"]

1. e4 c6 2. d4 d5 3. f3 Qb6 4. Nc3 dxe4 5. fxe4 e5 6. Nf3 exd4 7. Qxd4 Qxd4 8.
Nxd4 Bc5 9. Nb3 Bb6 10. Bf4 Nf6 11. h3 O-O 12. O-O-O Re8 13. Bc4 Nbd7 14. Rhe1
Ne5 15. Bxe5 Rxe5 16. Nd4 Bxd4 17. Rxd4 Be6 18. Bxe6 Rxe6 19. b4 Rae8 20. b5 c5
21. Ra4 a6 1/2-1/2

[Event "4NCL Division 2a"]
[Site "Birmingham Airport ENG"]
[Date "2015.03.28"]
[Round "7.226"]
[White "Makarov, Alexander"]
[Black "Brewer, Callum D"]
[Result "0-1"]
[WhiteElo "2134"]
[BlackElo "1915"]
[PlyCount "92"]
[EventDate "2015.03.28"]
[WhiteTeam "Cambridge University 2"]
[BlackTeam "Sussex Martlets 1"]

1. e4 c6 2. d3 d5 3. Nd2 e5 4. Ngf3 Bd6 5. Be2 Nf6 6. O-O O-O 7. h3 Re8 8. c3
Nbd7 9. Re1 Nf8 10. Bf1 Bd7 11. Qc2 Qc8 12. Kh2 Nh5 13. g3 f5 14. c4 dxe4 15.
dxe4 f4 16. c5 Bc7 17. g4 Nf6 18. b4 h6 19. Bb2 g5 20. Rad1 Ng6 21. a4 Kg7 22.
Nc4 Re6 23. Qb3 b5 24. axb5 cxb5 25. Na3 a6 26. Nb1 Bc6 27. Nc3 Re8 28. Nd5 Qb7
29. Nxf6 Kxf6 30. Bd3 Rh8 31. Bb1 Rae8 32. Kg2 Re7 33. Rd5 h5 34. Red1 hxg4 35.
hxg4 Qc8 36. Rd6+ Bxd6 37. Rxd6+ Kg7 38. Nh2 Rd8 39. f3 Rxd6 40. cxd6 Qe6 41.
Qc3 Qxd6 42. Nf1 Rd7 43. Ba2 Bb7 44. Qb3 Rc7 45. Qg8+ Kf6 46. Kh3 Bc8 0-1

[Event "4NCL Division 2a"]
[Site "Birmingham Airport ENG"]
[Date "2015.03.28"]
[Round "7.227"]
[White "Twigge-Molecey, Billy"]
[Black "Gooding, Ian"]
[Result "0-1"]
[WhiteElo "1853"]
[BlackElo "2027"]
[PlyCount "100"]
[EventDate "2015.03.28"]
[WhiteTeam "Sussex Martlets 1"]
[BlackTeam "Cambridge University 2"]

1. e4 e6 2. d4 d5 3. Nc3 Bb4 4. exd5 exd5 5. Bd3 Nc6 6. a3 Bxc3+ 7. bxc3 Be6 8.
Rb1 b6 9. Qf3 Nge7 10. Ne2 O-O 11. Nf4 Qd7 12. Nxe6 Qxe6+ 13. Be3 Qd6 14. Ra1
Na5 15. O-O Qc6 16. h4 Kh8 17. h5 Ng8 18. Qf5 g6 19. Qe5+ f6 20. Qg3 f5 21.
hxg6 hxg6 22. Rae1 Kg7 23. Qe5+ Nf6 24. Bg5 Qd7 25. Qe7+ Qxe7 26. Rxe7+ Rf7 27.
Rfe1 Ne4 28. Bh6+ Kf6 29. Rxf7+ Kxf7 30. Bxe4 dxe4 31. f3 Re8 32. Kf2 Nc4 33.
a4 exf3 34. Rxe8 Kxe8 35. Kxf3 Nb2 36. Bf4 c6 37. a5 bxa5 38. Bd6 Nc4 39. Bb4
a4 40. Ke2 a3 41. Bxa3 Nxa3 42. Kd3 Nb5 43. c4 Nd6 44. d5 Kd7 45. Kd4 a5 46.
Kd3 a4 47. Kc3 a3 48. Kb3 Nxc4 49. dxc6+ Kxc6 50. Ka2 g5 0-1

[Event "4NCL Division 2a"]
[Site "Birmingham Airport ENG"]
[Date "2015.03.28"]
[Round "7.228"]
[White "Mandnikar, Atreya"]
[Black "Graham, William M"]
[Result "0-1"]
[WhiteElo "1734"]
[BlackElo "1845"]
[PlyCount "72"]
[EventDate "2015.03.28"]
[WhiteTeam "Cambridge University 2"]
[BlackTeam "Sussex Martlets 1"]

1. e4 e6 2. d4 d5 3. exd5 exd5 4. Bd3 Nc6 5. Nf3 Nge7 6. Bg5 f6 7. Bh4 Bf5 8.
c3 Qd7 9. O-O O-O-O 10. Qc2 h5 11. Bg3 Bxd3 12. Qxd3 Nf5 13. h3 g5 14. h4 Rg8
15. b4 Bd6 16. hxg5 Bxg3 17. fxg3 Nxg3 18. Re1 Ne4 19. b5 Ne7 20. gxf6 Rxg2+
21. Kxg2 Qg4+ 22. Kf1 Nf5 23. Re2 Qh3+ 24. Rg2 Nfg3+ 25. Ke1 Qxg2 26. Nbd2 Nxd2
27. Nxd2 Qg1+ 28. Nf1 Nxf1 29. Qxf1 Re8+ 30. Kd2 Qg5+ 31. Kc2 Rf8 32. Qh3+ Kd8
33. Rf1 h4 34. Rf5 Qg6 35. Qf3 Rxf6 36. Qxd5+ Kc8 0-1

[Event "4NCL Division 2a"]
[Site "Birmingham Airport ENG"]
[Date "2015.03.28"]
[Round "7.231"]
[White "Wall, Gavin"]
[Black "Lewis, Andrew"]
[Result "1/2-1/2"]
[WhiteElo "2323"]
[BlackElo "2256"]
[PlyCount "67"]
[EventDate "2015.03.28"]
[WhiteTeam "Guildford 3"]
[BlackTeam "Anglian Avengers 1"]

1. e4 c5 2. Nf3 d6 3. Bb5+ Bd7 4. a4 Nf6 5. d3 g6 6. e5 dxe5 7. Nxe5 Bg7 8. Qf3
Qc8 9. Na3 O-O 10. Nxd7 Nbxd7 11. Nc4 a6 12. Bxd7 Qxd7 13. O-O Nd5 14. a5 h6
15. Bd2 Rad8 16. Rfe1 Nb4 17. Bxb4 cxb4 18. Re3 e6 19. Rae1 Qb5 20. Qd1 Rd5 21.
Rf3 Rfd8 22. b3 Bc3 23. Re4 Kg7 24. Qe2 Rf5 25. g3 h5 26. Rxf5 Qxf5 27. Kg2 Qd5
28. Qf3 f5 29. Re2 Qxf3+ 30. Kxf3 Kf6 31. h3 Rd5 32. Kg2 g5 33. f3 Be5 34. Re1
1/2-1/2

[Event "4NCL Division 2a"]
[Site "Birmingham Airport ENG"]
[Date "2015.03.28"]
[Round "7.232"]
[White "Talsma, Paul"]
[Black "Povah, Nigel"]
[Result "0-1"]
[WhiteElo "2210"]
[BlackElo "2299"]
[PlyCount "58"]
[EventDate "2015.03.28"]
[WhiteTeam "Anglian Avengers 1"]
[BlackTeam "Guildford 3"]

1. d4 Nf6 2. c4 e6 3. Nc3 c5 4. d5 exd5 5. cxd5 d6 6. Nf3 g6 7. Qa4+ Nbd7 8.
Bf4 a6 9. e4 Be7 10. Bd3 O-O 11. h3 Re8 12. O-O Bf8 13. Rfe1 b5 14. Qc2 Nh5 15.
Bh2 Qf6 16. Qd2 Bg7 17. Rac1 h6 18. b3 g5 19. e5 dxe5 20. Ne4 Qb6 21. Qc2 Nf4
22. Bxf4 exf4 23. Nexg5 Rxe1+ 24. Rxe1 hxg5 25. Re8+ Bf8 26. Nxg5 Nf6 27. Bh7+
Kg7 28. Re5 Ra7 29. Nxf7 Nxh7 {White lost on time.} 0-1

[Event "4NCL Division 2a"]
[Site "Birmingham Airport ENG"]
[Date "2015.03.28"]
[Round "7.233"]
[White "Granat, Russell"]
[Black "Spence, David"]
[Result "1-0"]
[WhiteElo "2189"]
[BlackElo "2230"]
[PlyCount "69"]
[EventDate "2015.03.28"]
[WhiteTeam "Guildford 3"]
[BlackTeam "Anglian Avengers 1"]

1. e4 e6 2. d4 d5 3. Nd2 Nf6 4. e5 Nfd7 5. Bd3 c5 6. c3 Nc6 7. Ngf3 g6 8. h4 h6
9. Bb1 Bg7 10. a3 cxd4 11. cxd4 Qb6 12. Nf1 Nf8 13. Ne3 Bd7 14. b3 O-O-O 15.
Bb2 Kb8 16. Bd3 Be8 17. b4 f6 18. b5 Na5 19. exf6 Bxf6 20. a4 Rc8 21. Ng4 Bg7
22. Nge5 Nd7 23. O-O g5 24. Rc1 Rxc1 25. Qxc1 g4 26. Qf4 Nxe5 27. Nxe5 Ka8 28.
Qxg4 Bxe5 29. dxe5 Bd7 30. Qb4 Qd8 31. Rc1 b6 32. Ba3 Kb7 33. Qe7 Qxe7 34. Bxe7
Nc4 35. Bxc4 1-0

[Event "4NCL Division 2a"]
[Site "Birmingham Airport ENG"]
[Date "2015.03.28"]
[Round "7.234"]
[White "Player, Edmund"]
[Black "Kalaiyalahan, Akshaya"]
[Result "0-1"]
[WhiteElo "2217"]
[BlackElo "2021"]
[PlyCount "104"]
[EventDate "2015.03.28"]
[WhiteTeam "Anglian Avengers 1"]
[BlackTeam "Guildford 3"]

1. e4 c5 2. Nf3 Nc6 3. Bb5 g6 4. Bxc6 dxc6 5. d3 Bg7 6. h3 e5 7. Nc3 Ne7 8. Be3
b6 9. a4 a5 10. Qc1 O-O 11. h4 h5 12. Bh6 f6 13. Nh2 Rf7 14. Bxg7 Rxg7 15. f4
Qd6 16. fxe5 Qxe5 17. O-O Bd7 18. Qf4 Qxf4 19. Rxf4 Rf8 20. Raf1 Rgf7 21. Nf3
Bg4 22. Nd2 Be6 23. Re1 Kg7 24. Nf3 Bg4 25. e5 Nf5 26. Ne4 fxe5 27. Nxe5 Re7
28. Nxg4 hxg4 29. Rxg4 Rh8 30. g3 Nd4 31. Rf1 Nxc2 32. Rf6 Rh6 33. h5 Rxh5 34.
Rgxg6+ Kh8 35. Rf8+ Kh7 36. Rfg8 Rf7 37. g4 Re5 38. Ng5+ Rxg5 39. Rxg5 Nd4 40.
Kg2 Ne6 41. Kg3 Nxg5 42. Rxg5 Rd7 43. Kf4 Rxd3 44. Ke5 Rd5+ 45. Kf6 Rxg5 46.
Kxg5 Kg7 47. Kf5 b5 48. Ke5 Kg6 49. Kd6 c4 50. Kc5 c3 51. bxc3 bxa4 52. Kc4 Kg5
0-1

[Event "4NCL Division 2a"]
[Site "Birmingham Airport ENG"]
[Date "2015.03.28"]
[Round "7.235"]
[White "Meyer, Gordon"]
[Black "Moore, Graham"]
[Result "1/2-1/2"]
[WhiteElo "2162"]
[BlackElo "2088"]
[PlyCount "118"]
[EventDate "2015.03.28"]
[WhiteTeam "Guildford 3"]
[BlackTeam "Anglian Avengers 1"]

1. c4 e5 2. Nc3 Nc6 3. e3 g6 4. g3 Bg7 5. Bg2 d6 6. Nge2 Be6 7. Nd5 Qd7 8. Qa4
Nge7 9. Nec3 Bxd5 10. Nxd5 Nxd5 11. cxd5 Ne7 12. Qxd7+ Kxd7 13. d3 a5 14. Bd2
Rhb8 15. Ke2 c6 16. e4 cxd5 17. exd5 Rc8 18. Rac1 Rc5 19. a4 Rac8 20. Rxc5 Rxc5
21. Rc1 Rxc1 22. Bxc1 Kc7 23. Bd2 Kb6 24. b4 axb4 25. Bxb4 Nf5 26. Kd1 h5 27.
h3 Bf8 28. Kd2 h4 29. g4 Nd4 30. Kc3 Ne2+ 31. Kc4 Be7 32. Bf1 Nd4 33. f4 Nc2
34. Bd2 exf4 35. Bxf4 Ka5 36. Be2 b5+ 37. axb5 Na3+ 38. Kb3 Nxb5 39. Be3 Bf6
40. Kc4 Na3+ 41. Kb3 Nb5 42. Bd1 Bd4 43. Bxd4 Nxd4+ 44. Kc4 Nb5 45. g5 Nc7 46.
Bg4 Ne8 47. Bd7 Ng7 48. Kd4 Kb6 49. Ke4 Kc7 50. Bg4 Kd8 51. Kf4 Ke7 52. Bf3 f5
53. Bd1 Ne8 54. Bb3 Nc7 55. Bc4 Na8 56. Bb3 Nb6 57. Ke3 Kd8 58. Kd4 Kc7 59. Ke3
Kd8 1/2-1/2

[Event "4NCL Division 2a"]
[Site "Birmingham Airport ENG"]
[Date "2015.03.28"]
[Round "7.238"]
[White "Peck, Silas"]
[Black "Golding, Alex"]
[Result "1-0"]
[WhiteElo "1886"]
[BlackElo "2012"]
[PlyCount "71"]
[EventDate "2015.03.28"]
[WhiteTeam "Anglian Avengers 1"]
[BlackTeam "Guildford 3"]

1. e4 c5 2. Nf3 d6 3. d4 cxd4 4. Nxd4 Nf6 5. Nc3 a6 6. Bg5 e6 7. f4 Nbd7 8. Qf3
Qc7 9. O-O-O Be7 10. g4 b5 11. Bxf6 Nxf6 12. g5 Nd7 13. f5 Bxg5+ 14. Kb1 Nf6
15. Rg1 Bh6 16. fxe6 fxe6 17. Bxb5+ axb5 18. Ndxb5 Qa5 19. Nxd6+ Ke7 20. e5 Nd5
21. Nxd5+ exd5 22. Qf7+ Kd8 23. a3 Qc5 24. Nb7+ Bxb7 25. Qxb7 Qa7 26. Rxd5+ Ke8
27. Qc6+ Ke7 28. Qd6+ Ke8 29. Qe6+ Qe7 30. Qc6+ Kf7 31. Rf1+ Qf6 32. Rxf6+ gxf6
33. Qxf6+ Ke8 34. Qe6+ Kf8 35. Rd7 Ra7 36. Qf7# 1-0

[Event "4NCL Division 2a"]
[Site "Birmingham Airport ENG"]
[Date "2015.03.28"]
[Round "7.242"]
[White "Kett, Timothy J"]
[Black "Sathyanandha, Saravanan"]
[Result "1-0"]
[WhiteElo "2222"]
[BlackElo "2163"]
[PlyCount "215"]
[EventDate "2015.03.28"]
[WhiteTeam "Rhyfelwyr Essyllwg 1"]
[BlackTeam "KJCA Kings"]

1. e4 e6 2. d4 d5 3. Nc3 Nf6 4. e5 Nfd7 5. f4 c5 6. Nf3 Nc6 7. Be3 a6 8. Qd2 b5
9. Be2 Qb6 10. O-O cxd4 11. Nxd4 Bc5 12. Rad1 O-O 13. Kh1 Nxd4 14. Bxd4 Bxd4
15. Qxd4 Qxd4 16. Rxd4 Rb8 17. g4 g5 18. fxg5 Nxe5 19. Kg2 Nc4 20. Kg3 Bb7 21.
Bxc4 bxc4 22. Rf6 Rfe8 23. Nd1 e5 24. Rd2 d4 25. c3 Rbd8 26. cxd4 exd4 27. Rf4
d3 28. Kf2 Re4 29. Rxe4 Bxe4 30. Ke3 Bc6 31. Rf2 Re8+ 32. Kd2 Re5 33. h4 Ra5
34. a3 Bd7 35. Rf4 Be6 36. Ne3 Rc5 37. Kc3 Rc8 38. Rd4 a5 39. a4 Rc7 40. Nd5
Bxd5 41. Rxd5 Rb7 42. Kxc4 Rb4+ 43. Kxd3 Rxa4 44. Rd4 Ra1 45. Kc4 Rc1+ 46. Kb5
Rc2 47. b3 Rb2 48. Rd3 Ra2 49. h5 Kg7 50. Rd8 h6 51. gxh6+ Kxh6 52. Rd5 Ra1 53.
Rf5 Kg7 54. g5 Rb1 55. Kc4 Ra1 56. Kc3 Ra2 57. Rd5 a4 58. b4 Rh2 59. h6+ Kg6
60. Ra5 a3 61. Kb3 a2 62. b5 a1=Q 63. Rxa1 Kxg5 64. Ra6 f5 65. b6 Rxh6 66. b7
Rxa6 67. b8=Q Re6 68. Kc4 Re4+ 69. Kd5 Kg4 70. Qh2 Re3 71. Qg2+ Rg3 72. Qe2+
Rf3 73. Ke5 Kg3 74. Qe1+ Kg2 75. Qh4 Kf1 76. Qh2 Rf2 77. Qh3+ Ke2 78. Qh1 Rf1
79. Qc6 Rf3 80. Qc2+ Kf1 81. Kd4 Rf2 82. Qc1+ Kg2 83. Qg5+ Kf1 84. Ke3 Re2+ 85.
Kd3 Rf2 86. Qh5 Kg2 87. Qh4 Rf3+ 88. Ke2 Rg3 89. Qf4 Rg8 90. Qf3+ Kh2 91. Kf2
Rg4 92. Qxf5 Rg2+ 93. Kf3 Rg3+ 94. Kf4 Rg2 95. Qh5+ Kg1 96. Kf3 Rf2+ 97. Ke3
Rg2 98. Qh4 Ra2 99. Qg5+ Rg2 100. Qc5 Kh2 101. Kf3 Kh1 102. Qh5+ Kg1 103. Qh4
Rg8 104. Qe1+ Kh2 105. Qd2+ Kg1 106. Qc1+ Kh2 107. Qd2+ Kg1 108. Qc1+ 1-0

[Event "4NCL Division 2a"]
[Site "Birmingham Airport ENG"]
[Date "2015.03.28"]
[Round "7.243"]
[White "Harakis, Alexis"]
[Black "Brown, Tom"]
[Result "1-0"]
[WhiteElo "2232"]
[BlackElo "2042"]
[PlyCount "37"]
[EventDate "2015.03.28"]
[WhiteTeam "KJCA Kings"]
[BlackTeam "Rhyfelwyr Essyllwg 1"]

1. d4 Nf6 2. c4 g6 3. Nc3 Bg7 4. e4 d6 5. Nge2 Nc6 6. d5 Nb8 7. Ng3 c6 8. Be2
e5 9. dxe6 fxe6 10. h4 O-O 11. h5 gxh5 12. Nxh5 Nxh5 13. Rxh5 Qf6 14. Be3 e5
15. Qd2 Be6 16. O-O-O Bf7 17. Rf5 Qd8 18. Qxd6 Na6 19. Rxf7 1-0